| 000 | 01285nam a2200313 i 4500 | ||
|---|---|---|---|
| 001 | 768714001 | ||
| 003 | CO-MdFUSB | ||
| 005 | 20211012095847.0 | ||
| 007 | ta | ||
| 008 | 200522t1998 us |||| |||| 00| 0 spa d | ||
| 020 | _a[No incluye ISBN] | ||
| 040 |
_aCO-MdFUSB _bspa _cCO-MdFUSB _dCO-MdFUSBC _erda |
||
| 041 | _aspa | ||
| 082 |
_223 _a248.34 _bAT871 |
||
| 100 |
_aAthyal, Saphir P. _eautor |
||
| 245 | 1 |
_aNuestra misión, nuestros valores _b: estudios bíblicos _c/ Saphir P. Athyal |
|
| 264 | 1 |
_aEstados Unidos : _bWorld Visión, _c[1998] |
|
| 264 | 4 | _c©1998 | |
| 300 |
_c61 páginas ; _a23 cm |
||
| 336 |
_2rdacontent _atexto _btxt |
||
| 337 |
_2rdamedia _asin mediación _bn |
||
| 338 |
_2rdacarrier _avolumen _bnc |
||
| 505 | 1 | _aLos seguidores de Cristo - El evangelio del Reino de Dios - Compromiso integrado e integral - Compromiso con los pobres - Valorar a las personas - Desarrollo transformador - Ayuda de emergencia - Buscando la justicia y la reconciliación - Nuestra asociación con la iglesia - Lo concientización pública y la mayordomía - La misión completa - Dar testimonio de Jesucristo | |
| 563 | _aRústico | ||
| 650 | 0 |
_919 _aVida cristiana |
|
| 710 |
_95782 _aInstituto para la Formación de Liderazgo Cristiano |
||
| 942 | _cBK | ||
| 945 | _aDani | ||
| 999 |
_c65896 _d65896 |
||